LOGLAN'88 - report on the programming language /

Gespeichert in:
Bibliographische Detailangaben
Hauptverfasser: Kreczmar, A (Verfasst von), Salwicki, A (Verfasst von), Warpechowski, M (Verfasst von)
Format: Buch
Sprache:Englisch
Veröffentlicht: Berlin : Springer Verlag, 1990
Schriftenreihe:Lecture Notes in Computer Science 414
Tags: Tag hinzufügen
Keine Tags, Fügen Sie das erste Tag hinzu!

MARC

LEADER 00000nam a22000003a 4500
001 stu1891
005 20200924115753.1
008 920605s1990----gw------------------eng-d
040 |a STU  |b slo 
041 0 |a eng 
044 |a gw 
080 |a 681.32.06 
080 |a LOGLAN'88 
080 |a 519.682 
100 1 |a Kreczmar, A  |4 aut 
245 1 |a LOGLAN'88 - report on the programming language /  |c [aut.] Kreczmar,A.; Salwicki,A.; Warpechowski,M 
260 |a Berlin :  |b Springer Verlag,  |c 1990 
300 |a 133 s 
700 1 |a Salwicki, A  |4 aut 
700 1 |a Warpechowski, M  |4 aut 
830 0 |a Lecture Notes in Computer Science  |v 414 
996 |c I*Z4252  |l I  |s A  |a 24  |w stu1891_0001